000 00562nam a22001937a 4500
003 DO-SdBNP
005 20220721092324.0
007 ta
008 110301s2016 dr c 000 0 spa d
040 _aDO-SdBNP
_bspa
_cBNPHU
082 4 _axxxx
_bxxx
110 _aGrupo Ramos
_982059
245 1 0 _aManual de inducción y reglamento interno de trabajo /
260 _a[Santo Domingo] :
_bDirección de Gestión de Gente de Grupo Ramos,
_c2016.
300 _a47 p. :
_bretr.
_c26 cm.
590 _aInventariado, 2022/ YL
910 _aYLockward
942 _2ddc
_cLF2
999 _c52207
_d52207